Cellular and Molecular Immunology (Record no. 2033)

MARC details
000 -LEADER
fixed length control field 00309nam a22001217a 4500
008 - FIXED-LENGTH DATA ELEMENTS--GENERAL INFORMATION
fixed length control field 250303b |||||||| |||| 00| 0 eng d
020 ## - INTERNATIONAL STANDARD BOOK NUMBER
ISBN 9780323757485
100 ## - MAIN ENTRY--AUTHOR
Author ABBAS Abdul K
245 ## - TITLE STATEMENT
Title Cellular and Molecular Immunology
260 ## - PUBLICATION, DISTRIBUTION, ETC. (IMPRINT)
Place of publication Philadelphia
Name of publisher Elsevier
Date of publication 2022
942 ## - ADDED ENTRY ELEMENTS (KOHA)
Item type Books
050 ## - LIBRARY OF CONGRESS CALL NUMBER
Classification number QR185.5
Item number A23
Holdings
Source of classification or shelving scheme Not for loan Permanent location Current location Date acquired Accession No. Full call number Barcode. Koha item type
Library of Congress Classification   Samuel Ogbemudia Main Library, University of Abuja Samuel Ogbemudia Main Library, University of Abuja 03/03/2025 2024/64040 QR185.5.A23 2025-0174 Books